Jaettuja valtioiden nimiä #3 - Statistics

Yleistilastot
  • Tätä visaa on pelattu 1 165 kertaa
  • Keskiarvotulos 13 / 20
Vastaustilastot
Valtion nimi % Oikein
ALG ER IA Algeria
97%
FIL IPPI INIT Filippiinit
97%
YHD YSVA LLAT Yhdysvallat
96%
AUS TRA LIA Australia
95%
INDO NE SIA Indonesia
95%
BOT SWA NA Botswana
83%
SEY CHEL LIT Seychellit
83%
SAN MA RINO San Marino
79%
ELS ALVA DOR El Salvador
75%
PA KI STAN Pakistan
66%
KOL UMB IA Kolumbia
62%
GU ATE MALA Guatemala
57%
MOS AMB IK Mosambik
51%
SA MB IA Sambia
47%
KA ME RUN Kamerun
46%
UN KA RI Unkari
42%
GR ENA DA Grenada
33%
BA HA MA Bahama
31%
LI BAN ON Libanon
23%
TA IW AN Taiwan
23%
Ehtoja vastaavia visoja ei löytynyt
Tulosjakauma
Jokaisen tuloksen saaneiden osuus
Persentiili vastausten määrän mukaan
Tuloshistoriasi
Et ole pelannut tätä visaa